| 000 -LEADER |
| fixed length control field |
00497 a2200157 4500 |
| 008 - FIXED-LENGTH DATA ELEMENTS--GENERAL INFORMATION |
| fixed length control field |
220921b ||||| |||| 00| 0 eng d |
| 020 ## - INTERNATIONAL STANDARD BOOK NUMBER |
| International Standard Book Number |
9788180549397 |
| 082 00 - DEWEY DECIMAL CLASSIFICATION NUMBER |
| Classification number |
657 |
| Item number |
M2147 |
| 100 ## - MAIN ENTRY--PERSONAL NAME |
| Personal name |
Maheshwari, S. N. |
| 9 (RLIN) |
4977 |
| 245 ## - TITLE STATEMENT |
| Title |
Principles of management accounting, Vol. II / |
| 260 ## - PUBLICATION, DISTRIBUTION, ETC. (IMPRINT) |
| Place of publication, distribution, etc |
New Delhi: |
| Name of publisher, distributor, etc |
Sultan Chand & Sons, |
| Date of publication, distribution, etc |
2015. |
| 300 ## - PHYSICAL DESCRIPTION |
| Extent |
S.1, 6 p. |
| 650 #0 - SUBJECT ADDED ENTRY--TOPICAL TERM |
| Topical term or geographic name as entry element |
Managerial accounting |
| 700 ## - ADDED ENTRY--PERSONAL NAME |
| Personal name |
Maheshwari, Sharad K. |
| 9 (RLIN) |
5219 |
| 942 ## - ADDED ENTRY ELEMENTS (KOHA) |
| Source of classification or shelving scheme |
|
| Item type |
Books |